000 00443nam a2200169Ia 4500
008 230524s9999 xx 000 0 und d
082 _a621.38
_bSIS
100 _aM.L.Sisodia
245 0 _a"Microwaves - Introduction to Circuits,Devices and Antennas"
250 _aIST
260 _aNEW DELHI
_bNew Age
_c2006
300 _aX;1052
500 _aQuantity Number: 2
650 _aElectronics
700 _a Vijay Laxmi Gupta
942 _cBK
999 _c37413
_d37413